000
00253 a2200085 4500
245
0
0
_a
Meble chłodnicze - Klasyfikacja temperaturowa PN-EN 441-6 /
_c
NKP nr 5.
246
1
3
_a
PN-EN 441-6
260
_a
Warszawa :
_b
NKP nr 5,
_c
1999.
300
_a
4 stron ;
_c
30 cm.
650
_a
Polska norma
999
_c
19303
_d
19303